000 00973cam a2200205 4500
001 ABS67157
008 031023n2003 000 0 eng u
035 _a(Sirsi) u123987
100 _aSparks, A.
245 _aMaster of the maps
260 _c2003
490 _aNew Civil Engineer
_v(1498) 4 September 2003, 22(1)
520 _aExamines the use of IT in accessing hydrological data for use in designing drainage. A design tool called Masterdrain helps identify local hydrological constants which are peculiar to each location. using HR Wallingford national information maps. The programme is primarily for surface water but can also cope with foul water and can be used to design infiltration, storage and soakaways. Further information can be found at http://www.mstdrain.co.uk.
590 _aABS
650 _aDRAINAGE SYSTEMS
650 _aHYDROLOGY
650 _aMAPS
690 _aENVIRONMENTAL AND LAND CONSULTANCY-ENVIRONMENTAL MANAGEMENT
942 _n0
999 _c73638
_d73638